Social exclusion

Αποθηκεύτηκε σε:
Λεπτομέρειες βιβλιογραφικής εγγραφής
Κύριος συγγραφέας: Byrne, D. S. (David S.) 1947-
Μορφή: Βιβλίο
Γλώσσα:English
Δημοσίευση: Buckingham : Open University Press, 1999
Σειρά:Issues in society
Θέματα:
Ετικέτες: Προσθήκη ετικέτας
Δεν υπάρχουν, Καταχωρήστε ετικέτα πρώτοι!

MARC

LEADER 00000nam a2200000 i 4500
001 1/73814
008 050321s1999 eng d
020 |a 0-335-19975-5 
020 |a 0-335-19974-7 
035 |l 10077198 
040 |a GR-MY-UA  |b gre  |e aacr 
041 0 |a eng 
082 0 |a 305  |2 (21η έκδ.) 
100 1 |a Byrne, D. S. (David S.)  |d 1947- 
245 1 0 |a Social exclusion /  |c David Byrne 
260 |a Buckingham :   |b Open University Press,   |c 1999 
300 |a xi, 158σ.;  |c 23εκ. 
490 1 |a Issues in society 
504 |a Περιέχει βιβλιογραφικές παραπομπές και ευρετήριο 
650 0 0 |a Marginality, Social. 
650 0 0 |a Marginality, Social  |x Philosophy. 
650 0 0 |a Poor. 
650 0 0 |a Equality. 
650 0 0 |a Social policy. 
830 0 |a Issues in society 
852 |a INST  |b LESVOS  |e 20050321  |h 305 BYR  |p 005100030037  |q 005100030037  |t BK  |y 0 
901 |a BIBL1-2005-1 
909 |a Λ  |b 115023 
920 |a ΔΙΕΥΡΥΝΣΗ  |b ΕΠΕΑΕΚ-ΤΚ  |y ΛΕΣΒΟΣ  |z 2004-10 
970 |a ΜΑΡΙΝΑΤΟΥ  |b ΜΥΡΣΙΝΗ  |z 2005/03/21